| 000 | 00451cam a2200181ua 4500 | ||
|---|---|---|---|
| 020 | _c275.00 | ||
| 041 |
_aeng _h |
||
| 082 |
_a624.15136 _bGAR/SO |
||
| 100 | _aGarg, S K . | ||
| 245 |
_aSoil mechanics and foundation engineering / _cGarg S. K. _hTextual Documents |
||
| 250 |
_a6 / _b. |
||
| 260 |
_aDelhi : _bKhanna Publishers , _c2005. |
||
| 300 | _a1199 ; . | ||
| 365 | _a275.00 | ||
| 504 | _a | ||
| 942 | _cBK | ||
| 999 |
_c13393 _d13393 |
||